[Event "COL-ch U2200"]
[Site "Moniquira"]
[Date "2019.07.21"]
[Round "5"]
[White "Lopez Idarraga, Daniel Eduardo"]
[Black "Cardenas, Alejandro"]
[Result "0-1"]
[WhiteElo "2033"]
[BlackElo "2025"]
[PlyCount "52"]
[EventDate "2018.07.19"]
[EventType "swiss"]
[EventRounds "7"]
[EventCountry "COL"]
[SourceTitle "EXT 2021"]
[Source "ChessBase"]
[SourceDate "2020.10.23"]
[SourceVersion "1"]
[SourceVersionDate "2020.10.23"]
[SourceQuality "1"]

1. d4 Nf6 2. Nf3 e6 3. e3 d5 4. Bd3 Nbd7 5. b3 b6 6. Bb2 Bb7 7. Nbd2 Bd6 8. Ne5 0-0 9. Qf3 c5 10. Qh3 cxd4 11. Nxd7 Qxd7 12. Bxd4 Ne4 13. f3 Ng5 14. Qg4 f6 15. h4 Nf7 16. h5 Nh6 17. Qh3 f5 18. f4 Qc7 19. Nf3 Bb4+ 20. Ke2 Bc3 21. Ng5 Rae8 22. Qh4 Bxd4 23. exd4 Ng4 24. Raf1 Ba6 25. Kd2 Bxd3 26. cxd3 Rc8 0-1

[Event "COL pre olympic sf3"]
[Site "Dosquebradas"]
[Date "2018.06.04"]
[Round "10"]
[White "Cardenas, Alejandro"]
[Black "Pereira Vera, Henry Alberto"]
[Result "1-0"]
[WhiteElo "2045"]
[BlackElo "1882"]
[PlyCount "106"]
[EventDate "2018.05.30"]
[EventType "swiss"]
[EventRounds "10"]
[EventCountry "COL"]
[SourceTitle "CBM 184 Extra"]
[Source "ChessBase"]
[SourceDate "2018.06.28"]
[SourceVersion "1"]
[SourceVersionDate "2018.06.28"]
[SourceQuality "1"]

1. d4 Nf6 2. Nf3 e6 3. c4 b6 4. Bg5 h6 5. Bh4 Bb7 6. e3 Be7 7. Be2 0-0 8. 0-0 Ne4 9. Bxe7 Qxe7 10. Nbd2 d6 11. Nxe4 Bxe4 12. Nd2 Bb7 13. Bf3 Bxf3 14. Qxf3 Nd7 15. Qc6 Nf6 16. Ne4 Nxe4 17. Qxe4 Rae8 18. Qc6 f5 19. f4 Rf7 20. Rae1 Qd7 21. Qxd7 Rxd7 22. e4 Rde7 23. e5 g5 24. Re3 dxe5 25. Rxe5 Rd8 26. fxg5 Rxd4 27. gxh6 Rxc4 28. Rfxf5 c6 29. Rg5+ Kh7 30. Re2 Kxh6 31. Rg3 a5 32. Kf2 e5 33. Rge3 a4 34. Rxe5 Rxe5 35. Rxe5 a3 36. bxa3 Kg6 37. Kf3 Kf6 38. Re3 Rc2 39. h4 b5 40. g4 c5 41. Rb3 Rxa2 42. Rxb5 Rxa3+ 43. Kf4 Ra4+ 44. Kf3 Ra3+ 45. Ke2 Ra2+ 46. Kd3 Ra3+ 47. Kc2 Rh3 48. g5+ Kg6 49. Rb6+ Kh7 50. Rh6+ Kg7 51. Kd2 c4 52. Ke2 Kf7 53. Rc6 c3 1-0

[Event "COL pre olympic sf3"]
[Site "Dosquebradas"]
[Date "2018.06.03"]
[Round "8"]
[White "Cardenas, Alejandro"]
[Black "Manzano Gomez, Valentina"]
[Result "1-0"]
[WhiteElo "2045"]
[BlackElo "1600"]
[PlyCount "59"]
[EventDate "2018.05.30"]
[EventType "swiss"]
[EventRounds "10"]
[EventCountry "COL"]
[SourceTitle "CBM 184 Extra"]
[Source "ChessBase"]
[SourceDate "2018.06.28"]
[SourceVersion "1"]
[SourceVersionDate "2018.06.28"]
[SourceQuality "1"]

1. d4 Nf6 2. Nf3 g6 3. c4 Bg7 4. Nc3 d5 5. cxd5 Nxd5 6. Bd2 0-0 7. e3 c5 8. Bc4 Nb6 9. Bb3 cxd4 10. exd4 Nc6 11. Be3 Bg4 12. h3 Bxf3 13. Qxf3 Nxd4 14. Qxb7 Nxb3 15. axb3 Rb8 16. Qe4 Qc7 17. 0-0 e6 18. Rfd1 Rfd8 19. Qh4 h5 20. Rxd8+ Rxd8 21. Rxa7 Qb8 22. Qe7 Nd7 23. Rxd7 Rxd7 24. Qxd7 Qa8 25. Qa4 Qc8 26. Qc4 Qa8 27. Qa4 Qc8 28. b4 Bxc3 29. bxc3 Qxc3 30. b5 1-0

[Event "Olympiad qual Quindio 3rd"]
[Site "Armenia"]
[Date "2018.05.12"]
[Round "1.1"]
[White "Cardenas, Alejandro"]
[Black "Sanchez, Luis Carlos"]
[Result "1-0"]
[WhiteElo "2045"]
[BlackElo "1644"]
[PlyCount "101"]
[EventDate "2018.05.12"]
[EventType "swiss"]
[EventRounds "5"]
[EventCountry "COL"]
[SourceTitle "EXT 2024"]
[Source "ChessBase"]
[SourceDate "2023.10.10"]
[SourceVersion "1"]
[SourceVersionDate "2023.10.10"]
[SourceQuality "1"]

1. d4 d5 2. Nf3 Nf6 3. c4 c6 4. Nc3 Bg4 5. Ne5 Nbd7 6. Nxg4 Nxg4 7. cxd5 cxd5 8. Nxd5 e6 9. Nc3 Bb4 10. e4 Ngf6 11. Bd3 0-0 12. 0-0 Rc8 13. Ne2 Qa5 14. a3 Rfd8 15. Be3 Be7 16. Ng3 e5 17. d5 Qc7 18. Rc1 Qb8 19. Nf5 Bc5 20. Bxc5 Rxc5 21. b4 Rxc1 22. Qxc1 Kh8 23. Qg5 g6 24. Nh6 Kg7 25. Rc1 Rc8 26. h3 a6 27. Nf5+ Kh8 28. Ng3 b5 29. Ne2 Kg7 30. Rxc8 Qxc8 31. Qc1 Qxc1+ 32. Nxc1 Nb6 33. f3 Kh6 34. Kf2 Kg5 35. g3 h5 36. h4+ Kh6 37. Nb3 Nfd7 38. Nc5 Nb8 39. Ke3 Kg7 40. Kd2 Kf8 41. Kc3 Ke7 42. Kb3 Kd6 43. a4 f6 44. axb5 axb5 45. Bxb5 g5 46. Be8 gxh4 47. gxh4 Nc8 48. Bxh5 Ne7 49. Bf7 f5 50. h5 fxe4 51. fxe4 1-0

[Event "COL-ch sf 2nd"]
[Site "Tunja"]
[Date "2018.04.21"]
[Round "8"]
[White "Cardenas, Alejandro"]
[Black "Martinez Romero, Martin"]
[Result "0-1"]
[WhiteElo "2036"]
[BlackElo "2444"]
[PlyCount "96"]
[EventDate "2018.04.17"]
[EventType "swiss"]
[EventRounds "10"]
[EventCountry "COL"]
[SourceTitle "CBM 184 Extra"]
[Source "ChessBase"]
[SourceDate "2018.06.28"]
[SourceVersion "1"]
[SourceVersionDate "2018.06.28"]
[SourceQuality "1"]

1. d4 Nf6 2. c4 g6 3. Nf3 Bg7 4. Nc3 0-0 5. e4 c5 6. Be2 cxd4 7. Nxd4 d6 8. 0-0 Nc6 9. Be3 Nxd4 10. Bxd4 Be6 11. f3 a6 12. Nd5 Bxd5 13. exd5 Nd7 14. Kh1 Rb8 15. Bxg7 Kxg7 16. Qd4+ Kg8 17. b4 Qb6 18. Qd2 Ra8 19. f4 a5 20. a3 axb4 21. axb4 Nf6 22. Bf3 Rxa1 23. Rxa1 Rc8 24. Qc3 Qf2 25. Qd3 Kg7 26. h3 h5 27. Qc3 b5 28. c5 dxc5 29. bxc5 Qxc5 30. Qe5 b4 31. Rb1 h4 32. Qe1 Qc3 33. Qxe7 Rc4 34. Qe5 Qd2 35. f5 g5 36. Qb2 Qxb2 37. Rxb2 Rd4 38. Kg1 Nd7 39. Kf2 Kf6 40. Ke3 Ke5 41. Ra2 b3 42. Rb2 Nc5 43. Bh5 f6 44. Bf7 Rd3+ 45. Ke2 Kd4 46. d6 Kc3 47. Rb1 Kc2 48. Bc4 Rxd6 0-1

[Event "COL-ch sf 2nd"]
[Site "Tunja"]
[Date "2018.04.19"]
[Round "5"]
[White "Cuellar Canosa, Nicolas"]
[Black "Cardenas, Alejandro"]
[Result "0-1"]
[WhiteElo "1747"]
[BlackElo "2036"]
[PlyCount "92"]
[EventDate "2018.04.17"]
[EventType "swiss"]
[EventRounds "10"]
[EventCountry "COL"]
[SourceTitle "CBM 184 Extra"]
[Source "ChessBase"]
[SourceDate "2018.06.28"]
[SourceVersion "1"]
[SourceVersionDate "2018.06.28"]
[SourceQuality "1"]

1. e4 c5 2. Ne2 Nc6 3. d4 cxd4 4. Nxd4 g6 5. c4 Bg7 6. Be3 Nf6 7. Nc3 d6 8. Be2 0-0 9. 0-0 Bd7 10. f3 Nxd4 11. Bxd4 Bc6 12. Qd2 a5 13. b3 Nd7 14. Be3 Nc5 15. Rab1 Qb6 16. Rfc1 Rfc8 17. Rc2 f5 18. exf5 gxf5 19. Nd5 Qd8 20. Bg5 Bxd5 21. Qxd5+ e6 22. Qd2 Qf8 23. Rd1 Rc6 24. Be3 Be5 25. Bh6 Qe7 26. Qg5+ Qxg5 27. Bxg5 f4 28. Rcd2 Kf7 29. Bh4 Rg8 30. Bf2 Ke7 31. Bd3 Nxd3 32. Rxd3 a4 33. c5 axb3 34. axb3 d5 35. b4 Ra6 36. Rb1 Ra2 37. Kf1 Kf6 38. Rbb3 Ra1+ 39. Be1 Kf5 40. Ra3 Rc1 41. Ra7 Bf6 42. Rxb7 Bh4 43. g4+ fxg3 44. hxg3 Bxg3 45. Re3 d4 46. Re4 d3 0-1

[Event "COL-ch sf"]
[Site "Medellin"]
[Date "2018.03.17"]
[Round "6"]
[White "Rivera, Ingris"]
[Black "Cardenas, Alejandro"]
[Result "1/2-1/2"]
[WhiteElo "2228"]
[BlackElo "1982"]
[PlyCount "120"]
[EventDate "2018.03.14"]
[EventType "swiss"]
[EventRounds "10"]
[EventCountry "COL"]
[SourceTitle "CBM 183 Extra"]
[Source "ChessBase"]
[SourceDate "2018.04.19"]
[SourceVersion "1"]
[SourceVersionDate "2018.04.19"]
[SourceQuality "1"]

1. d4 Nf6 2. c4 e6 3. Nf3 Bb4+ 4. Nbd2 b6 5. a3 Bxd2+ 6. Qxd2 Bb7 7. e3 0-0 8. b4 d6 9. Bb2 Nbd7 10. Be2 c5 11. 0-0 Qe7 12. Rfd1 Ne4 13. Qc2 Rfd8 14. Bd3 Ndf6 15. Ne1 d5 16. f3 dxc4 17. Bxe4 Nxe4 18. fxe4 cxb4 19. axb4 Qxb4 20. Ra4 Qb5 21. Rxc4 Ba6 22. d5 Qxc4 23. Qxc4 Bxc4 24. d6 e5 25. Bxe5 Rd7 26. Bb2 a5 27. Rd4 b5 28. Nf3 Re8 29. e5 Be2 30. Rd5 Bxf3 31. gxf3 f6 32. Rxb5 fxe5 33. Bxe5 Ra8 34. e4 a4 35. Kf2 a3 36. Rb6 Kf7 37. Ba1 Ke6 38. e5 a2 39. f4 Ra3 40. Rb8 Rf7 41. Ke2 h6 42. Re8+ Kd7 43. Rg8 Rxf4 44. Rxg7+ Kd8 45. Rg8+ Kd7 46. Rg7+ Kc6 47. Rc7+ Kb6 48. Rc8 Rh4 49. d7 Rxh2+ 50. Ke1 Rd3 51. e6 Rh1+ 52. Ke2 Rxa1 53. e7 Rad1 54. Ra8 R1d2+ 55. Ke1 Rd1+ 56. Ke2 R1d2+ 57. Ke1 Rd1+ 58. Ke2 R1d2+ 59. Ke1 Rd1+ 60. Ke2 R1d2+ 1/2-1/2

[Event "COL-ch sf"]
[Site "Medellin"]
[Date "2018.03.16"]
[Round "5"]
[White "Cardenas, Alejandro"]
[Black "Cifuentes, John Jairo"]
[Result "0-1"]
[WhiteElo "1982"]
[BlackElo "2290"]
[PlyCount "60"]
[EventDate "2018.03.14"]
[EventType "swiss"]
[EventRounds "10"]
[EventCountry "COL"]
[SourceTitle "CBM 183 Extra"]
[Source "ChessBase"]
[SourceDate "2018.04.19"]
[SourceVersion "1"]
[SourceVersionDate "2018.04.19"]
[SourceQuality "1"]

1. d4 Nf6 2. Nf3 e6 3. c4 d5 4. Nc3 Be7 5. Bg5 Ne4 6. Nxe4 dxe4 7. Bxe7 Qxe7 8. Nd2 f5 9. e3 0-0 10. f4 c5 11. Nb3 cxd4 12. exd4 a5 13. c5 a4 14. Nc1 b6 15. b4 axb3 16. Nxb3 Rd8 17. cxb6 Qb4+ 18. Qd2 Qxb6 19. Bc4 Nc6 20. Rd1 Nb4 21. Ra1 Ba6 22. Bxa6 Rxa6 23. 0-0 Rda8 24. Nc5 Rxa2 25. Rxa2 Rxa2 26. Qc3 Nd5 27. Qc1 h6 28. g3 Kh7 29. Qb1 Rb2 30. Qa1 Qb4 0-1

[Event "COL-ch sf"]
[Site "Medellin"]
[Date "2018.03.16"]
[Round "4"]
[White "Quinonez Garcia, Santiago"]
[Black "Cardenas, Alejandro"]
[Result "1/2-1/2"]
[WhiteElo "2246"]
[BlackElo "1982"]
[PlyCount "84"]
[EventDate "2018.03.14"]
[EventType "swiss"]
[EventRounds "10"]
[EventCountry "COL"]
[SourceTitle "CBM 183 Extra"]
[Source "ChessBase"]
[SourceDate "2018.04.19"]
[SourceVersion "1"]
[SourceVersionDate "2018.04.19"]
[SourceQuality "1"]

1. e4 c5 2. Nf3 Nc6 3. Bb5 g6 4. c3 Nf6 5. Qe2 Bg7 6. 0-0 0-0 7. Rd1 d6 8. d4 cxd4 9. cxd4 a6 10. Bc4 d5 11. exd5 Nxd5 12. Nc3 Be6 13. Ne4 Bg4 14. h3 Bxf3 15. Qxf3 Nb6 16. Bb3 Nxd4 17. Qg4 Qc8 18. Qh4 Nxb3 19. axb3 Qf5 20. Ng5 h6 21. Nf3 g5 22. Qb4 Qb5 23. Qxb5 axb5 24. Rxa8 Rxa8 25. Be3 Ra6 26. Rd8+ Kh7 27. Bc5 e6 28. Bd4 Bxd4 29. Nxd4 Ra1+ 30. Kh2 Rb1 31. Rb8 Nd5 32. Rxb7 Kg6 33. Rxb5 Rxb2 34. Kg3 Nc3 35. Re5 Rd2 36. Re3 Rxd4 37. Rxc3 h5 38. Kf3 h4 39. Ke3 Rb4 40. Kd2 f5 41. Re3 Kf6 42. Kc3 Rb6 1/2-1/2

[Event "COL-ch sf"]
[Site "Medellin"]
[Date "2018.03.14"]
[Round "1"]
[White "Cardenas, Alejandro"]
[Black "Torres, Juan Camilo"]
[Result "0-1"]
[WhiteElo "1982"]
[BlackElo "2289"]
[PlyCount "64"]
[EventDate "2018.03.14"]
[EventType "swiss"]
[EventRounds "10"]
[EventCountry "COL"]
[SourceTitle "CBM 183 Extra"]
[Source "ChessBase"]
[SourceDate "2018.04.19"]
[SourceVersion "1"]
[SourceVersionDate "2018.04.19"]
[SourceQuality "1"]

1. d4 d5 2. Nf3 c6 3. c4 Nf6 4. Nc3 dxc4 5. a4 Bf5 6. e3 e6 7. Bxc4 Bb4 8. 0-0 Nbd7 9. Qe2 Bg6 10. Bd3 Bh5 11. Ne4 Nxe4 12. Bxe4 0-0 13. Rd1 Qe7 14. Bc2 e5 15. Qd3 Bg6 16. Qb3 e4 17. Nd2 a5 18. Nf1 Bh5 19. Ng3 Bxd1 20. Bxd1 Kh8 21. Bg4 Nf6 22. Bh3 g6 23. Qc2 Rfe8 24. b3 Nd5 25. Bb2 f5 26. Ne2 h5 27. Qc4 Kh7 28. Ng3 f4 29. Nf1 Rf8 30. Qe2 Rae8 31. exf4 Nxf4 32. Qe3 Nd5 0-1

[Event "COL-ch Amateur U2000"]
[Site "Bogota"]
[Date "2017.03.03"]
[Round "3"]
[White "Latorre, Franklin Leandro"]
[Black "Cardenas, Alejandro"]
[Result "1-0"]
[WhiteElo "1817"]
[BlackElo "1968"]
[PlyCount "69"]
[EventDate "2017.03.02"]
[EventType "swiss"]
[EventRounds "7"]
[EventCountry "COL"]
[SourceTitle "CBM 177 Extra"]
[Source "ChessBase"]
[SourceDate "2017.04.27"]
[SourceVersion "1"]
[SourceVersionDate "2017.04.27"]
[SourceQuality "1"]

1. e4 c5 2. Nc3 Nc6 3. f4 g6 4. Nf3 Bg7 5. Bb5 Nd4 6. 0-0 a6 7. Bd3 d6 8. h3 Nf6 9. Nxd4 cxd4 10. Ne2 0-0 11. Qe1 e5 12. c3 Qb6 13. Kh2 Re8 14. Qh4 d5 15. fxe5 Nxe4 16. cxd4 Bf5 17. Qf4 f6 18. exf6 Bxf6 19. g4 Bg5 20. Qf3 Qd6+ 21. Kg1 Be6 22. Bxe4 dxe4 23. Qg3 Qd5 24. d3 Bd7 25. Bxg5 exd3 26. Nc3 Qxg5 27. Qf4 Qxf4 28. Rxf4 Re3 29. Nd5 Re6 30. Nc7 Rc8 31. Nxe6 Bxe6 32. Rd1 Bd5 33. Rxd3 Rc1+ 34. Rf1 Rc2 35. Rf2 1-0

[Event "Bolivar Region Selectivo Amateur"]
[Site "Bolivar"]
[Date "2017.01.22"]
[Round "4.1"]
[White "Ballesteros Lopez, William"]
[Black "Cardenas, Alejandro"]
[Result "1/2-1/2"]
[WhiteElo "2053"]
[BlackElo "1968"]
[PlyCount "62"]
[EventDate "2017.01.20"]
[EventType "swiss"]
[EventRounds "5"]
[EventCountry "COL"]
[SourceTitle "EXT 2024"]
[Source "ChessBase"]
[SourceDate "2023.10.10"]
[SourceVersion "1"]
[SourceVersionDate "2023.10.10"]
[SourceQuality "1"]

1. d4 Nf6 2. c4 e6 3. Nf3 Bb4+ 4. Nbd2 d5 5. e3 0-0 6. a3 Be7 7. Bd3 c5 8. dxc5 Bxc5 9. b4 Be7 10. 0-0 b6 11. Bb2 Bb7 12. Rc1 Nbd7 13. Qe2 a5 14. b5 Nc5 15. Bb1 Na4 16. Bxf6 Bxf6 17. Nb3 g6 18. Nbd4 Qe7 19. cxd5 Bxd5 20. e4 Bb7 21. e5 Bg7 22. Nc6 Bxc6 23. Rxc6 Qxa3 24. Bc2 Rac8 25. Qc4 Nc5 26. Rxb6 Bxe5 27. Rc6 Rxc6 28. bxc6 Bg7 29. Bb1 Qc3 30. Qxc3 Bxc3 31. Rc1 Bb4 1/2-1/2

[Event "Bolivar Region Selectivo Amateur"]
[Site "Bolivar"]
[Date "2017.01.21"]
[Round "3.2"]
[White "Cardenas, Alejandro"]
[Black "Agudelo Pineres, Oscar Marino"]
[Result "1-0"]
[WhiteElo "1968"]
[BlackElo "2030"]
[PlyCount "91"]
[EventDate "2017.01.20"]
[EventType "swiss"]
[EventRounds "5"]
[EventCountry "COL"]
[SourceTitle "EXT 2024"]
[Source "ChessBase"]
[SourceDate "2023.10.10"]
[SourceVersion "1"]
[SourceVersionDate "2023.10.10"]
[SourceQuality "1"]

1. d4 Nf6 2. Nf3 g6 3. c4 Bg7 4. Nc3 0-0 5. e4 d6 6. Be2 e5 7. 0-0 Nc6 8. d5 Ne7 9. b4 a5 10. Ba3 axb4 11. Bxb4 b6 12. a4 Nh5 13. g3 Bg4 14. a5 Qb8 15. Nb5 h6 16. Qc2 Bxf3 17. Bxf3 Nf6 18. Be2 Nd7 19. axb6 Qxb6 20. Qd2 Nc5 21. Qe3 f5 22. Bxc5 dxc5 23. f3 f4 24. Qd2 g5 25. g4 Rad8 26. Rfb1 Ra8 27. Qc2 Rxa1 28. Rxa1 c6 29. Nc3 cxd5 30. cxd5 c4+ 31. Kf1 Rc8 32. Rb1 Qc5 33. Rb7 Ng6 34. Qa4 Rd8 35. Qxc4 Qxc4 36. Bxc4 Rc8 37. d6+ Rxc4 38. d7 Rd4 39. Nd5 Rxd5 40. exd5 Bf6 41. Rb6 Nf8 42. Rxf6 Nxd7 43. Rxh6 Kf7 44. Re6 Kf8 45. Rg6 Ke7 46. Rxg5 1-0

[Event "COL sub zt 2.3.4"]
[Site "La Dorada"]
[Date "2016.11.06"]
[Round "7"]
[White "Santamaria Vargas, Miguel"]
[Black "Cardenas, Alejandro"]
[Result "0-1"]
[WhiteElo "1892"]
[BlackElo "1999"]
[PlyCount "66"]
[EventDate "2016.11.02"]
[EventType "swiss"]
[EventRounds "9"]
[EventCountry "COL"]
[SourceTitle "CBM 175 Extra"]
[Source "ChessBase"]
[SourceDate "2016.12.12"]
[SourceVersion "1"]
[SourceVersionDate "2016.12.12"]
[SourceQuality "1"]

1. e4 c5 2. Bc4 Nc6 3. c3 Nf6 4. Qe2 d5 5. exd5 Nxd5 6. d3 e6 7. Nf3 Be7 8. Be3 0-0 9. 0-0 b6 10. Na3 Bb7 11. Rad1 Nxe3 12. fxe3 a6 13. Bb3 Qc7 14. d4 Rad8 15. Nc4 b5 16. Nce5 Bd6 17. Ng4 Qe7 18. e4 cxd4 19. e5 Bc5 20. cxd4 Nxd4 21. Nxd4 Rxd4 22. Rxd4 Bxd4+ 23. Kh1 Qg5 24. Bc2 g6 25. Be4 Bxe4 26. Qxe4 Bxb2 27. Nf6+ Kg7 28. Qb4 Rd8 29. Qe7 Rd2 30. Ne8+ Kh6 31. Qf8+ Kh5 32. Nf6+ Kh4 33. Rf4+ Qxf4 0-1

[Event "COL sub zt 2.3.4"]
[Site "La Dorada"]
[Date "2016.11.05"]
[Round "6"]
[White "Cardenas, Alejandro"]
[Black "Bolivar Losada, Jeison"]
[Result "0-1"]
[WhiteElo "1999"]
[BlackElo "2091"]
[PlyCount "34"]
[EventDate "2016.11.02"]
[EventType "swiss"]
[EventRounds "9"]
[EventCountry "COL"]
[SourceTitle "CBM 175 Extra"]
[Source "ChessBase"]
[SourceDate "2016.12.12"]
[SourceVersion "1"]
[SourceVersionDate "2016.12.12"]
[SourceQuality "1"]

1. d4 Nf6 2. Nf3 g6 3. c4 Bg7 4. Nc3 d5 5. cxd5 Nxd5 6. e4 Nxc3 7. bxc3 c5 8. Be3 Nc6 9. Rc1 0-0 10. Be2 cxd4 11. cxd4 Qa5+ 12. Qd2 Qxd2+ 13. Kxd2 Rd8 14. Rc4 Bg4 15. Kc3 Rac8 16. Rb1 Be6 17. Rc5 Nxd4 0-1

[Event "Quindio-ch"]
[Site "Quindio"]
[Date "2016.09.16"]
[Round "1.5"]
[White "Alzate, Uberley"]
[Black "Cardenas, Alejandro"]
[Result "0-1"]
[WhiteElo "1601"]
[BlackElo "1999"]
[PlyCount "61"]
[EventDate "2016.09.16"]
[EventType "swiss"]
[EventRounds "5"]
[EventCountry "COL"]
[SourceTitle "EXT 2024"]
[Source "ChessBase"]
[SourceDate "2023.10.10"]
[SourceVersion "1"]
[SourceVersionDate "2023.10.10"]
[SourceQuality "1"]

1. c3 e5 2. d4 exd4 3. cxd4 d5 4. Bf4 Nf6 5. Nf3 Bb4+ 6. Nbd2 0-0 7. e3 c6 8. Bd3 Re8 9. Qb3 Bd6 10. Ne5 Nh5 11. 0-0-0 Nxf4 12. exf4 f6 13. Bxh7+ Kxh7 14. Qd3+ Kg8 15. Ng6 Nd7 16. Qh3 Nf8 17. Qh8+ Kf7 18. Nxf8 Rxf8 19. Qh5+ Kg8 20. f5 Qe8 21. Qf3 Bb4 22. h4 Bxd2+ 23. Rxd2 Qe4 24. Qxe4 dxe4 25. g4 Bd7 26. h5 Kh7 27. d5 cxd5 28. Rxd5 Bc6 29. Rd6 Rad8 30. Rhd1 Rxd6 31. Rxd6 0-1

[Event "Quindio-ch"]
[Site "Quindio"]
[Date "2016.09.16"]
[Round "2.3"]
[White "Cardenas, Alejandro"]
[Black "Florez Castro, Estiven"]
[Result "1/2-1/2"]
[WhiteElo "1999"]
[BlackElo "1716"]
[PlyCount "45"]
[EventDate "2016.09.16"]
[EventType "swiss"]
[EventRounds "5"]
[EventCountry "COL"]
[SourceTitle "EXT 2024"]
[Source "ChessBase"]
[SourceDate "2023.10.10"]
[SourceVersion "1"]
[SourceVersionDate "2023.10.10"]
[SourceQuality "1"]

1. d4 Nf6 2. Nf3 d5 3. c4 c6 4. Nc3 e6 5. Bg5 Nbd7 6. e3 Qa5 7. Nd2 Bb4 8. Qc2 dxc4 9. Bxf6 Nxf6 10. Nxc4 Qg5 11. f4 Qh4+ 12. g3 Qh5 13. a3 Bxc3+ 14. bxc3 0-0 15. Ne5 Nd5 16. Be2 Qh3 17. Qd3 b6 18. Bf1 Qh5 19. Be2 Qh6 20. Ng4 Qh3 21. Qe4 Ne7 22. Nf2 Qh6 23. Ng4 1/2-1/2

[Event "Quindio-ch"]
[Site "Quindio"]
[Date "2016.09.16"]
[Round "4.4"]
[White "Cardenas, Alejandro"]
[Black "Velasquez, Andres Felipe"]
[Result "1-0"]
[WhiteElo "1999"]
[BlackElo "1731"]
[PlyCount "71"]
[EventDate "2016.09.16"]
[EventType "swiss"]
[EventRounds "5"]
[EventCountry "COL"]
[SourceTitle "EXT 2024"]
[Source "ChessBase"]
[SourceDate "2023.10.10"]
[SourceVersion "1"]
[SourceVersionDate "2023.10.10"]
[SourceQuality "1"]

1. d4 Nf6 2. Nf3 g6 3. c4 Bg7 4. Nc3 0-0 5. e4 d6 6. Be2 c5 7. 0-0 cxd4 8. Nxd4 Nc6 9. Be3 Nxd4 10. Bxd4 Be6 11. f3 Qa5 12. b3 Nd7 13. Nd5 Bxd4+ 14. Qxd4 Bxd5 15. exd5 Qb6 16. Qxb6 axb6 17. a4 Kg7 18. Bd3 Kf6 19. Rfe1 Nc5 20. Bc2 Na6 21. Rad1 Rfd8 22. Rd4 Rd7 23. Rf4+ Kg7 24. Rfe4 Kf6 25. h4 h6 26. g4 Nc5 27. R4e3 g5 28. h5 Rc7 29. R1e2 Re8 30. Bf5 e5 31. dxe6 fxe6 32. b4 Rce7 33. Bg6 Na6 34. Bxe8 Rxe8 35. Rb3 Rc8 36. Rbe3 1-0

[Event "Medellin Easter op"]
[Site "Medellin"]
[Date "2015.??.??"]
[Round "1"]
[White "Cifuentes, John Jairo"]
[Black "Cardenas, Alejandro"]
[Result "1-0"]
[WhiteElo "2180"]
[BlackElo "2020"]
[PlyCount "89"]
[EventDate "2015.04.01"]
[EventType "swiss"]
[EventRounds "9"]
[EventCountry "COL"]
[SourceTitle "CBM 165 Extra"]
[Source "ChessBase"]
[SourceDate "2015.04.21"]
[SourceVersion "1"]
[SourceVersionDate "2015.04.21"]
[SourceQuality "1"]

1. e4 c5 2. Nf3 Nc6 3. Bb5 d6 4. 0-0 Nf6 5. Nc3 g6 6. d4 cxd4 7. Nxd4 Bd7 8. Re1 Bg7 9. Nxc6 bxc6 10. Bc4 0-0 11. h3 Rb8 12. Bb3 Qa5 13. Bd2 Qh5 14. Bf4 Rbd8 15. e5 dxe5 16. Qxh5 Nxh5 17. Bxe5 Nf6 18. Bd4 Be6 19. Bxa7 Bxb3 20. axb3 Rd2 21. Rac1 e6 22. Be3 Rd7 23. Rcd1 Nd5 24. Bd4 Nxc3 25. Bxc3 Rfd8 26. Rxd7 Rxd7 27. Kf1 Bxc3 28. bxc3 Rd2 29. Re4 Rxc2 30. Rc4 Kf8 31. Rxc6 Ke7 32. b4 Kd7 33. b5 f5 34. c4 e5 35. Ke1 e4 36. c5 e3 37. fxe3 Rxg2 38. Rd6+ Ke7 39. b6 Rb2 40. Kd1 Rb5 41. Rc6 h5 42. h4 Rb4 43. Rxg6 Kd8 44. Kd2 Rb5 45. Rc6 1-0

[Event "COL-ch sf "]
[Site "Medellin"]
[Date "2010.06.12"]
[Round "10"]
[White "Aponte Castillo, Jose Ernesto"]
[Black "Cardenas, Alejandro"]
[Result "1-0"]
[WhiteElo "2219"]
[BlackElo "2020"]
[PlyCount "45"]
[EventDate "2010.06.05"]
[EventType "swiss"]
[EventRounds "11"]
[EventCountry "COL"]
[SourceTitle "CBM 136 Extra"]
[Source "ChessBase"]
[SourceDate "2010.07.02"]
[SourceVersion "2"]
[SourceVersionDate "2010.07.15"]
[SourceQuality "1"]

1. e4 d5 2. Nc3 d4 3. Nce2 c5 4. Nf3 Nc6 5. Ng3 e5 6. Bb5 Bd6 7. Bxc6+ bxc6 8. d3 Ne7 9. 0-0 0-0 10. Nh4 Be6 11. Qh5 Qd7 12. h3 c4 13. f4 f6 14. fxe5 fxe5 15. Nf3 Bf7 16. Nxe5 Bxh5 17. Rxf8+ Rxf8 18. Nxd7 Bxg3 19. Nxf8 Kxf8 20. dxc4 Ng6 21. Bd2 Nf4 22. Bxf4 Bxf4 23. Rf1 1-0

[Event "COL-ch sf "]
[Site "Medellin"]
[Date "2010.06.09"]
[Round "7"]
[White "Vargas, Edwin Antonio"]
[Black "Cardenas, Alejandro"]
[Result "0-1"]
[WhiteElo "2104"]
[BlackElo "2020"]
[PlyCount "52"]
[EventDate "2010.06.05"]
[EventType "swiss"]
[EventRounds "11"]
[EventCountry "COL"]
[SourceTitle "CBM 136 Extra"]
[Source "ChessBase"]
[SourceDate "2010.07.02"]
[SourceVersion "2"]
[SourceVersionDate "2010.07.15"]
[SourceQuality "1"]

1. d4 d5 2. Nf3 Nf6 3. g3 e6 4. Bg2 c5 5. Nc3 Nc6 6. Bf4 Qb6 7. Na4 Qa5+ 8. c3 cxd4 9. b4 Qb5 10. a3 dxc3 11. Nxc3 Qb6 12. Rc1 a6 13. 0-0 Be7 14. Na4 Qd8 15. Nd4 Bd7 16. b5 axb5 17. Nxb5 e5 18. Bg5 0-0 19. Bxf6 Bxf6 20. Bxd5 Bh3 21. Nc5 Bxf1 22. Kxf1 Nd4 23. Nc3 Rc8 24. Nxb7 Qd7 25. Bg2 Rc7 26. e3 Rfc8 0-1